000 00377nam a2200145Ia 4500
008 240624s9999 xx 000 0 und d
041 _aeng
082 _a343 KUM
100 _aKUMAR H L
245 _aLAW RELATING TO LEAVE HOLIDAYS AND ABSEN
250 _a(7th ed.)
260 _c2005
_aDelhi
_bUniversal Law Publishing
300 _axxxiv, : 278 : p. : cm. ; 22
365 _cRS
999 _c2520
_d2520